Normal view
MARC view
Entry Personal Name
001 - CONTROL NUMBER
- control field: 76310
003 - CONTROL NUMBER IDENTIFIER
- control field: dpl
005 - DATE AND TIME OF LATEST TRANSACTION
- control field: 20250110094358.0
008 - FIXED-LENGTH DATA ELEMENTS
- fixed length control field: 250110|| aca||aabn | a|a d
040 ## - CATALOGING SOURCE
- Original cataloging agency: dpl
- Transcribing agency: dpl
100 ## - HEADING--PERSONAL NAME
- Personal name: राव, लक्ष्मण
670 ## - SOURCE DATA FOUND
- Source citation: Work cat.: (dpl)206405: राव, लक्ष्मण, दृष्टिकोण वर्त्तमान घटनाओं पर आधारित/, 2014
